000 00700nam a2200205 i 4500
001 128982
003 ES-MaACL
007 t|
008 070601s1982 sp ||||1| spa d
080 _a629.7(02)
100 1 _aTaylor, Sydney Ernest Thomas.
_9109470
245 1 0 _aTecnología del vuelo
_b: navegación aérea /
_cS.E.T. Taylor y H.A. Parmar ; [traducido por Luis Fernández Martínez].
260 _aMadrid :
_bParaninfo,
_c1982.
300 _a287 p. :
_bil. ;
_c22 cm.
650 1 7 _aNavegación aérea
_2embne
_915504
700 1 _aParmar, Hasmumukhlal Amritlal.
_989195
700 1 _aFernández Martínez, Luis.
_949910
852 _aES-MaACL
_jL-4134
_bR.104006
999 _c128982
_d128982